000 00632nam a2200229Ia 4500
003 0100
005 20161220084423.0
008 130303s9999 xx 000 0 und d
020 _a0385009143
040 _cARRUPELIB
050 _aREF. BS192.2.A11964.G3 1967
100 _aMunck, Johannes
_928126
245 4 _aThe Acts of the Apostles
260 _aNew york
260 _bDoubleday & Co.
300 _axc
300 _b 317p. 24cm.
440 _athe anchor bible series ; v. 31
_928127
650 _aBible N.T.
_xActs
_xCommentaries
_928128
700 _aAlbright , William F. (rev.)
_928129
942 _2lcc
_cMONOGRAPH
999 _c36559
_d36559